Patel and others v Shah and others (Record no. 74918)

MARC details
000 -LEADER
fixed length control field 01136cab a2200169 4500
001 - CONTROL NUMBER
control field ABS68861
008 - FIXED-LENGTH DATA ELEMENTS--GENERAL INFORMATION
fixed length control field 050315n2005 000 0 eng u
035 ## - SYSTEM CONTROL NUMBER
System control number (Sirsi) u129051
245 ## - TITLE STATEMENT
Title Patel and others v Shah and others
260 ## - PUBLICATION, DISTRIBUTION, ETC.
Date of publication, distribution, etc. 2005
490 ## - SERIES STATEMENT
Series statement Estates Gazette
Volume/sequential designation [2005] 08 EG 190 (CS)
520 ## - SUMMARY, ETC.
Summary, etc. [2005] EWCA Civ 157, 15 February 2005. The appellants (P) could not claim a beneficial interest in properties purchased jointly with the respondents (S) as they had not contributed to the shortfall between the rental income and the remortgage payments. The properties had been bought with the intention to sell them on at a profit but during the 1990s slump it had been decided to hold onto them. "Held": the appeal was dismissed. The judge accepted S's equitable defence of laches on the grounds that P had neglected to do what could have been done to assert their claim. View judgment at www.bailii.org.
590 ## - LOCAL NOTE (RLIN)
Local note ABS
690 ## - LOCAL SUBJECT ADDED ENTRY--TOPICAL TERM (OCLC, RLIN)
Topical term or geographic name as entry element PROPERTY
856 ## - ELECTRONIC LOCATION AND ACCESS
Uniform Resource Identifier <a href="https://www.bailii.org/cgi-bin/markup.cgi?doc=/ew/cases/EWCA/Civ/2005/157.html&query=shah+patel&method=all">https://www.bailii.org/cgi-bin/markup.cgi?doc=/ew/cases/EWCA/Civ/2005/157.html&query=shah+patel&method=all</a>
Public note View judgment on the BAILII website...
942 ## - ADDED ENTRY ELEMENTS (KOHA)
Suppress in OPAC 0
Holdings
Withdrawn status Lost status Source of classification or shelving scheme Damaged status Not for loan Home library Current library Shelving location Date acquired Total Checkouts Full call number Barcode Date last seen Copy number Price effective from Koha item type
    Other/Generic Classification Scheme     London London Journal article 15/03/2005   ABS68861 129051-1001 06/08/2019 1 06/08/2019 Law report